000 00541cam a2200169 4500500
005 20260405002847.0
041 _afre
042 _adc
100 1 0 _aPortevin, Catherine
_eauthor
245 0 0 _aPendant que j’y pense / février 2019
260 _c2019.
500 _a65
690 _aCatherine Portevin
690 _aTiphaine Rivière
786 0 _nPhilosophie magazine | 126 | 2 | 2019-02-01 | p. 37-37 | 1951-1787
856 4 1 _uhttps://shs.cairn.info/magazine-philosophie-magazine-2019-2-page-37?lang=fr&redirect-ssocas=7080
999 _c2061838
_d2061838